<?xml version="1.0" encoding="UTF-8"?><?xml-stylesheet type="text/xsl" href="static/style.xsl"?><OAI-PMH xmlns="http://www.openarchives.org/OAI/2.0/" xmlns:xsi="http://www.w3.org/2001/XMLSchema-instance" xsi:schemaLocation="http://www.openarchives.org/OAI/2.0/ http://www.openarchives.org/OAI/2.0/OAI-PMH.xsd"><responseDate>2026-06-01T01:04:23Z</responseDate><request verb="GetRecord" identifier="oai:riuma.uma.es:10630/20672" metadataPrefix="marc">https://riuma.uma.es/rest/oai/request</request><GetRecord><record><header><identifier>oai:riuma.uma.es:10630/20672</identifier><datestamp>2026-02-03T12:20:00Z</datestamp><setSpec>com_10630_2254</setSpec><setSpec>col_10630_37959</setSpec></header><metadata><record xmlns="http://www.loc.gov/MARC21/slim" xmlns:dcterms="http://purl.org/dc/terms/" xmlns:doc="http://www.lyncode.com/xoai" xmlns:xsi="http://www.w3.org/2001/XMLSchema-instance" xsi:schemaLocation="http://www.loc.gov/MARC21/slim http://www.loc.gov/standards/marcxml/schema/MARC21slim.xsd">
   <leader>00925njm 22002777a 4500</leader>
   <datafield ind2=" " ind1=" " tag="042">
      <subfield code="a">dc</subfield>
   </datafield>
   <datafield ind2=" " ind1=" " tag="720">
      <subfield code="a">Serrano-Aguilera, Juan José</subfield>
      <subfield code="e">author</subfield>
   </datafield>
   <datafield ind2=" " ind1=" " tag="720">
      <subfield code="a">Parras-Anguita, Luis</subfield>
      <subfield code="e">author</subfield>
   </datafield>
   <datafield ind2=" " ind1=" " tag="720">
      <subfield code="a">Blanco-Rodríguez, María José</subfield>
      <subfield code="e">author</subfield>
   </datafield>
   <datafield ind2=" " ind1=" " tag="260">
      <subfield code="c">2021-01-11</subfield>
   </datafield>
   <datafield ind2=" " ind1=" " tag="520">
      <subfield code="a">There are a large number of studies in the literature on natural convection in the annulus between horizontal concentric cylinders. However, not many publications dealing with global stability analysis in this kind of flow have been published. For a fixed diameter ratio L/Di = (Ro − Ri)/2Ri, being Ri and Ro the inner and outer cylinder radii respectively, and assuming Boussinesq approximation, the solution only depends on Prandtl (P r ≡ ν/α) and Rayleigh (Ra ≡ g β L3 (Ti − To)/(ν α)) numbers. &#xd;
A spectral collocation code has been developed to solve the problem by means of Chebyshev and Fourier differentiation matrices for L/Di = 0.8 and it has been validated with classical experimental results. Steady solutions have been sought within the range P r ∈ [1e−2, 1] and Ra ∈ [1e-2, 5e6]. As a result, a steady solution Pr-Ra map (consisting of 149 x 75 points) has been traced, where the different families of similar solutions found are detailed, mainly characterized by presenting single or&#xd;
multiple plumes. In addition, two main double-solution regions have been found.</subfield>
   </datafield>
   <datafield ind1="8" ind2=" " tag="024">
      <subfield code="a">https://hdl.handle.net/10630/20672</subfield>
   </datafield>
   <datafield tag="653" ind2=" " ind1=" ">
      <subfield code="a">Cilindros</subfield>
   </datafield>
   <datafield ind2="0" ind1="0" tag="245">
      <subfield code="a">Global stability map of the flow in a horizontal concentric cylinder forced by natural convection.</subfield>
   </datafield>
</record>
</metadata></record></GetRecord></OAI-PMH>